Normal view
MARC view
Entry Personal Name
001 - CONTROL NUMBER
- control field: 52515
003 - CONTROL NUMBER IDENTIFIER
- control field: ARRUPE
005 - DATE AND TIME OF LATEST TRANSACTION
- control field: 20240306104049.0
008 - FIXED-LENGTH DATA ELEMENTS
- fixed length control field: 240306|| aca||aabn | a|a d
040 ## - CATALOGING SOURCE
- Original cataloging agency: ARRUPE
- Transcribing agency: ARRUPE
100 ## - HEADING--PERSONAL NAME
- Personal name: Disraeli, Benjamin, earl of Beaconsfield,1804-1881
670 ## - SOURCE DATA FOUND
- Source citation: Work cat.: (ARRUPE)131825: Smith , Paul 52514, Disraeli;, 1996.